[Event "New Zealand Championship"]
[Site "Wellington"]
[Date "1992.12.28"]
[Round "1"]
[White "Small, Vernon A"]
[Black "Stuart, Peter W"]
[Result "0-1"]
[WhiteElo "2335"]
[BlackElo "2132"]
[PlyCount "42"]
[EventDate "1992.??.??"]

{This game was played in first round of the 92/93 NZ Championship which was
held in the Hall at Queen Margaret's College in Wellington. This was my first
congress and the first time I had seen many of the top NZ players in person
including Ortvin Sarapu, Paul Garbett, Peter Stuart etc. These names were only
known to me from reading the NZ Chess magazine. Back then the Championship was
an exclusive 12 player round robin, then there was Reserve Championship with
another 12 players, then a third tier of competition the Major Open, which was
where I was playing. I was keen to follow the Championship games and in the
first round there was an upset when Vernon Small, considered one of the
favorites, was quickly defeated by Peter Stuart.} 1. d4 Nf6 2. c4 g6 3. Nc3 d5
{Peter plays a Grunfeld which can lead to many long complicated variations.
The only insight I can offer on Peter's opening preparation comes a few years
later when I shared a motel room with Peter during a congress. I remember
Peter turning up in his car, then starting to unload boxes and boxes from his
car boot. I can't recall how many boxes, but it seemed a surprising number to
me at the time. Each box was packed full with (+)Chess Informant[+] books,
each book with a brown paper book cover to keep in mint condition.} 4. cxd5
Nxd5 5. e4 Nxc3 6. bxc3 Bg7 7. Bc4 O-O 8. Ne2 c5 9. O-O Nc6 10. Be3 Bg4 11. f3
Na5 {Diagram #} 12. Bxf7+ {The Karpov variation, played by Karpov four times
in his 1987 match against Kasparov.} Rxf7 13. fxg4 Rxf1+ 14. Kxf1 Qd6 15. e5
Qd5 16. Bf2 Rf8 17. Kg1 Nc4 {N Probably a novelty and at least a deviation
from a Karpov-Kasparov game. Kasparov had played 17...Bh6 here instead.} 18. g5
{Vernon stamps out Bh6 altogether} Qf7 19. Bg3 Ne3 {Diagram #Here Vernon
blunders and I think I can understand the thought process. The first reaction
is to move the Queen to c1, hitting to knight while keeping f1 sufficiently
protected. But Black immediate regains the pawn with 20...Nxg2 and White is
forced to go into an endgame after 21.Qf1 (which my chess engine gives as
roughly equal). Vernon Small was understandably unhappy with this course of
events and finds a subtle idea of provoking c4 first to stabilize Whites
central pawn chain before dropping the Queen back...} 20. Qb3 $4 c4 {
Whoops... the intended 21.Qb1 is met by 21...Qd5 game over.} 21. e6 Qf1+ 0-1

[Event "New Zealand Open 2018"]
[Site "Palmerston North"]
[Date "2018.01.02"]
[Round "2.1"]
[White "Gong, Daniel Hanwen"]
[Black "Demuth, Adrien"]
[Result "0-1"]
[WhiteElo "2272"]
[BlackElo "2538"]
[PlyCount "56"]
[EventDate "2018.??.??"]

1. d4 Nf6 2. Bf4 {I am sure that if you predicted 10 years ago that everyone
from the world champion down would be playing this in 10 years time you'd have
been scorned in serious chess circles.} e6 3. e3 c5 4. Nf3 d5 5. Nbd2 Nc6 6. c3
cxd4 7. exd4 Nh5 8. Bg3 g6 9. Bd3 f6 {Black's last two subtle and
grandmasterly moves (targetting the e5 square) are already enough to see the
engine prefer Black (by the tiniest margin)} 10. Qc2 Bg7 11. O-O-O O-O 12. Nf1
a6 13. h3 {Diagram #} e5 $1 {According to the theory that even in opposite
sides castling situations centre play trumps wing play unless the centre is
static} 14. dxe5 fxe5 15. Be4 Be6 16. Bh4 Bh6+ 17. Kb1 Qa5 {
Diagram #Is Black just winning a piece?} 18. Bxg6 $1 {No} e4 19. Bg5 (19. Bxh5
d4 $1 {is a pretty solution that also favours Black}) 19... hxg6 $2 {
Letting White back in the game} (19... Bg7 $1 {retains a big advantage, eg if}
20. Bxh5 exf3 {threatens ...Bf5 and heralds a winning attack}) 20. Bxh6 d4 {
Not quite as effective without the dark squared Bishop, but still a nice (and
positionally necessary)move} 21. Nxd4 {Diagram #} Nb4 $6 {
Flashy but imprecise, this move could have cost Black dearly} (21... Qxa2+ 22.
Kc1 Rfd8 {and Black has the initiative and a safe position since} 23. Qxe4 $4 {
is now impossible due to} Bf5) 22. Qxe4 Bxa2+ 23. Kc1 Rxf2 {Black threatens to
move the Bishop, then play Qa1+ followed by (after Qb1) Na2 mate, but this is
a little slow when Black's king is so weak.} 24. Be3 (24. Qxg6+ $1 Kh8 25. Be3
{and White wins}) 24... Rf6 {Black takes time out for a little D and gives
White the opportunity to go wrong. Only a very narrow path will be sufficient}
25. g4 $2 {Tactically flawed. Strangely enough maintaining White's advantage
requires playing very risky looking moves. Quiet defensive moves to strengthen
White's position are strangely hard to find - mainly because putting a rook or
knight on d2 takes away an important escape square for the King.} (25. cxb4 $1
{is now actually possible with the Queen no longer in the firing line on c2}) (
25. Qxb7 {winning more material, tempoing on the Ra8 and preventing it joining
the attack is also good}) 25... Bd5 $1 26. Qb1 Bxh1 27. gxh5 Qxh5 28. cxb4 {
Diagram #} Qxd1+ $3 {A brilliant coup to cap a great game} ({
Note that Black is going to be more than just an exchange up since after} 28...
Qxd1+ 29. Kxd1 Rxf1+ 30. Kc2 {there is} Be4+ {
and White doesn't get to recapture the Rook on b1}) 0-1

[Event "New Zealand Open 2018"]
[Site "Palmerston North"]
[Date "2018.01.08"]
[Round "8.3"]
[White "Hague, Ben"]
[Black "Gong, Daniel Hanwen"]
[Result "0-1"]
[WhiteElo "2368"]
[BlackElo "2272"]
[PlyCount "80"]
[EventDate "2018.??.??"]

1. e4 c5 2. Nf3 g6 3. d4 cxd4 4. Nxd4 Bg7 5. c4 Nc6 6. Be3 Nf6 7. Nc3 d6 8. Be2
O-O 9. f3 Nxd4 10. Bxd4 Bd7 11. O-O a5 12. Qd2 Bc6 13. Rac1 Nd7 14. Be3 Nc5 15.
Rfd1 Be5 16. b3 b6 17. Kh1 {Diagram #The first new move according to my
database. Subtle manoevring is the order of the day in these Maroczy positions.
} Rc8 18. Nd5 e6 19. Nf4 Qh4 20. Nh3 Qe7 21. Nf2 Rfd8 22. Ng4 Bg7 23. Bg5 f6
24. Bh4 g5 {Diagram #} 25. Bg3 $2 f5 $1 {Winning material, both possible
retreats invite ...f4 trapping the Bishop or forking Bishop and Knight, so...}
26. Bxd6 Rxd6 27. Qxd6 Qxd6 28. Rxd6 fxg4 29. Rcd1 Bf6 30. Kg1 Kf7 31. fxg4
Nxe4 {Black has a material advantage (the normal rule is you need 2 pawns not
1 to compensate for Rook versus two minor pieces), and he has three excellent
minor pieces compared to one very sad Bishop for White. Conclusion: Black is
winning.} 32. R6d3 Nc3 33. R1d2 Nxe2+ 34. Rxe2 Be7 35. Rh3 Bc5+ 36. Kf1 Rd8 {
Diagram #The Bishops are rampant and the White Rooks are amazingly clumsy,
basically they seem like liabilities that are just trying to avoid falling off.
} 37. Rg3 {
This passive move is actually the logical consequence of the more natural line}
(37. Rxh7+ Kg6 38. Rc7 Rd1+ 39. Re1 Bxg2+ $1 {So rather than using his Rook
actively White puts it on a horrible square to defend g2!}) 37... Kf6 38. Ke1
Bb4+ 39. Kf2 Rd1 {
Diagram #Game over, the threat of ...Bc5 wins decisive material} 40. Ke3 {
A cute way of resigning (presumably)} Bc5# 0-1

[Event "New Zealand Open 2018"]
[Site "Palmerston North"]
[Date "2018.01.05"]
[Round "5.3"]
[White "Libiszewski, Fabien"]
[Black "Gong, Daniel Hanwen"]
[Result "1/2-1/2"]
[WhiteElo "2530"]
[BlackElo "2272"]
[PlyCount "91"]
[EventDate "2018.??.??"]

1. e4 c5 2. Nf3 e6 3. d4 cxd4 4. Nxd4 a6 5. c4 Nf6 6. Nc3 Bb4 7. Qd3 Qc7 8. a3
Bxc3+ 9. Qxc3 O-O 10. f3 d5 11. cxd5 Qxc3+ 12. bxc3 exd5 13. exd5 Nxd5 14. c4
Nc7 ({Antal (2562) - Izsak (2436), Hungary HUN 2015, 1/2-1/2 in 79 moves} 14...
Ne7 15. Rb1 Nbc6 16. Nxc6 Nxc6 17. Kf2 Nd8 18. Bd3 Bd7 19. Re1 Bc6 20. Bf5 Re8
21. Rxe8+ Bxe8 22. Bg5 Bc6 23. Re1 h6 24. Bf4 Ne6 25. Bxe6 fxe6 26. Rxe6 Rd8
27. Bd6 Re8 28. Rg6 Bd7 29. Rg3 Bf5 30. f4 Kf7 31. Be5 g6 32. Rb3 Be4 33. g4 h5
34. Re3 Bc2 35. Rh3 Bd1 36. gxh5 Bxh5 37. Rb3 Re7 38. Rb6 Ke8 39. h4 Rd7 40.
Ke3 Kd8 41. c5 Rd5 42. Bd4 Kc7 43. Ke4 Rd8 44. Ke3 Rd5 45. a4 Rd8 46. a5 Rd5
47. Ke4 Rd7 48. Be5+ Kd8 49. Ke3 Rd5 50. c6 bxc6 51. Rxa6 Kc8 52. Rxc6+ Kb7 53.
Rb6+ Ka7 54. Bd4 Rxa5 55. Rxg6+ Kb7 56. Rh6 Kc8 57. Bc3 Rb5 58. Be5 Bg4 59. Rg6
Bf5 60. Rg5 Bb1 61. h5 Kd7 62. Kf3 Ke6 63. Kg4 Bd3 64. h6 Rb1 65. Kf3 Rh1 66.
Bg7 Bf5 67. Rg3 Kf7 68. Kf2 Rh4 69. Ke3 Rh3 70. Rxh3 Bxh3 71. Ke4 Kg6 72. Ke5
Bg4 73. Kd6 Kf7 74. Kd5 Bf5 75. Ke5 Bh7 76. f5 Bg8 77. Bf6 Bh7 78. Bg5 Bg8 79.
Be3) 15. Rb1 Nd7 16. Bf4 Ne6 17. Nxe6 {Diagram #} Re8 $1 {A nice little
refinement. Over the next few moves Black plays resourcefully to gradually
unwind and neutralise White} 18. Kf2 Rxe6 19. Be2 Nc5 20. Be3 (20. Rhd1 $1 {
Keeps the pressure on, Black can't develop smoothly since after} Bd7 21. Bd6 {
is very awkward to deal with}) 20... Rc6 $1 {
A resourceful way of parrying the threats and holding things together.} 21.
Bxc5 Rxc5 22. Rhd1 Kf8 23. Rd8+ Ke7 24. Rg8 g6 25. g4 Ra7 {Ra8-a7 is always
one of my favourite moves - unfortunately for Black he is not going to get a
chance to thematically activate the Rook along the second rank, but this is
still a cunning way of unpinning the Bishop.} 26. Ke3 ({Now that the Bishop
isn't pinned Black can get counterplay if required with ...b5 eg} 26. Rh8 b5
27. cxb5 axb5 28. Rxb5 Rc3 {since now} 29. Re5+ {can be met by} Be6 {- if the B
ishop was pinned the Re5 would be heading to the eighth rank too with a
paralysing effect}) 26... Re5+ 27. Kd3 Be6 28. Rb6 {Diagram #} Bxc4+ $1 {
Now Black is actually for choice} 29. Kxc4 Rxe2 30. a4 Ra2 31. Kb4 a5+ 32. Kb5
Rxh2 33. Rb8 Rb2+ 34. Kc5 Rxb6 35. Kxb6 Ra6+ 36. Kb5 Rf6 ({
Black can retain some advantage with} 36... Kf6 37. Rxb7 Ra8 {Although given
both White's pieces are very active and for the moment at least Black's Rook
is grovelling you'd expect the GM to hold the draw.}) 37. Rxb7+ {
Now the game burns out to a forced draw in short order.} Ke6 38. Rb6+ Ke7 39.
Rxf6 Kxf6 40. Kxa5 h5 41. gxh5 gxh5 42. Kb6 h4 43. a5 h3 44. a6 h2 45. a7 h1=Q
46. a8=Q 1/2-1/2

[Event "New Zealand Open 2018"]
[Site "Palmerston North"]
[Date "2018.01.07"]
[Round "7.3"]
[White "Borsos, Bogdan"]
[Black "Steadman, Michael V R"]
[Result "0-1"]
[WhiteElo "2315"]
[BlackElo "2166"]
[PlyCount "126"]
[EventDate "2018.??.??"]

1. Nf3 f5 2. d3 Nf6 3. e4 {This is a fun line} d6 {The most common move} (3...
fxe4 4. dxe4 Nxe4 5. Bd3 Nf6 {Is a kind of reversed From's Gambit (1.f4 e5 2.
fxe5 d6 3.exd6 Bxd6) with an extra tempo (of course) for White. A particularly
insane example was Nigalidze (2542) - Takyrbashev (2229), Tromso NOR 2014} 6.
g4 $6 {
White throws everything he has at Black throughout, without counting material}
d6 7. g5 Nfd7 8. g6 h6 9. Bc4 e6 10. Bxe6 Qe7 11. Qe2 Nc6 12. Bf7+ Kd8 13. Be3
Nde5 14. Nxe5 Nxe5 15. Bd5 c6 16. Bg2 Bg4 17. f3 Bf5 18. Na3 Nxg6 19. O-O Nf4
20. Qd2 Nxg2 21. Kxg2 Qd7 22. Rfe1 d5 23. c4 Bh3+ 24. Kg1 Be6 25. Rad1 Bd6 26.
cxd5 Bxd5 27. Nb5 Re8 $2 {Diagram #} 28. Qa5+ Kc8 29. Rxd5 $1 cxb5 30. Rc1+ Kb8
31. Bf4 Re6 32. Rxd6 Rxd6 {Diagram #} 33. Qb4 {
good enough to elicit resignation, but still a shame} ({as} 33. Qxb5 {
would have been really pretty})) 4. exf5 Bxf5 5. d4 e6 6. Bd3 Qd7 ({In this obs
cure position Mamedyarov (2479) - Dovliatov (2360), Baku 2001, 1-0 in 48 moves
was a nice game by the future superstar} 6... Be7 7. O-O Qd7 8. Re1 Bg4 9. h3
Bxf3 10. Qxf3 Nc6 11. c3 O-O 12. Qe2 e5 13. d5 Nd8 14. c4 Nf7 15. Nc3 Rae8 16.
Be3 g6 17. Rad1 a6 18. Bc2 Rb8 19. b4 Nh5 20. Qg4 Qd8 21. c5 Bg5 22. Ne4 Bxe3
23. fxe3 Nf6 24. Nxf6+ Qxf6 25. Rf1 Qg5 26. Qxg5 Nxg5 27. h4 Nf7 28. Ba4 Nh6
29. Rxf8+ Rxf8 30. Bd7 Nf5 31. Rd3 Ng3 32. Ra3 Kf7 33. c6 Ke7 34. b5 bxc6 35.
Bxc6 axb5 36. Bxb5 Rb8 37. Bc6 Nf5 38. Ra7 Rb1+ 39. Kh2 Nxe3 40. Rxc7+ Kf6 41.
Rd7 Rb2 42. Rxd6+ Kf5 43. Rd8 Nxg2 44. Kg3 Kf6 45. d6 Nf4 46. Rf8+ Kg7 47. d7
Ne6 48. Re8) 7. O-O Be7 8. Bxf5 exf5 9. Nc3 O-O 10. Re1 Na6 11. d5 Nc5 12. Bg5
Rae8 {Black has equalised steadily, and over the next few moves he outplays
his opponent and grabs an advantage} 13. Be3 Nce4 14. Bd4 c5 15. Bxf6 Bxf6 16.
Qd3 {Diagram #} c4 $1 17. Qxc4 Rc8 18. Qb5 Qxb5 19. Nxb5 Rxc2 20. Rab1 a6 21.
Nbd4 Bxd4 22. Nxd4 Rd2 23. Ne6 Rc8 24. f3 Nf6 25. Red1 Rcc2 26. Rxd2 Rxd2 27.
Rc1 Nxd5 {
Diagram #Black has an extra pawn and the initiative, he should win from here}
28. Rc8+ Kf7 29. Ng5+ Kg6 30. h4 Ne3 31. Rc7 {
One King is safe and the other exposed} Rxb2 32. Ne6 Rxg2+ 33. Kh1 Kf6 34. Nf4
Rb2 35. Nh5+ Ke5 36. Rxg7 b5 37. Rxh7 Rxa2 {Diagram #Black is now two healthy
pawns up. The conversion process involves a steady advance on the queenside
combined with neutralising White's passed h-pawn. Mike achieves this neatly
and scores a nice scalp.} 38. Re7+ Kd4 39. Rb7 Kc5 40. Nf4 Nd5 41. Ne6+ Kc4 42.
h5 Re2 43. Ng5 Re7 44. Rb8 Rg7 45. Rc8+ Kb3 46. Ne6 Rh7 47. Nd4+ Ka4 48. Rc6
Rxh5+ 49. Kg1 a5 50. Rc1 Kb4 51. Rb1+ Kc5 52. Nxb5 Rh4 53. Na3 Ra4 54. Rc1+ Kb4
55. Nc2+ Kb3 56. Ne1 Nc3 57. Kf2 f4 58. Ng2 Rd4 59. Rh1 a4 60. Rh8 a3 61. Rb8+
Rb4 62. Ra8 a2 63. Ne1 {Diagram #} Na4 ({No doubt White was hoping for} 63...
Kb2 $2 64. Nd3+ {But even here Black wins} Kb3 65. Nxb4 Kxb4 66. Ke1 Na4 67.
Rb8+ Ka3) 0-1

[Event "New Zealand Open 2018"]
[Site "Palmerston North"]
[Date "2018.01.03"]
[Round "3.1"]
[White "Demuth, Adrien"]
[Black "Ker, Anthony F"]
[Result "1-0"]
[WhiteElo "2538"]
[BlackElo "2311"]
[PlyCount "127"]
[EventDate "2018.??.??"]

1. d4 Nf6 2. Nf3 e6 3. Bf4 c5 4. e3 Nc6 5. c3 Be7 6. Nbd2 cxd4 7. exd4 b6 8.
Bd3 Bb7 9. h3 O-O 10. O-O d6 11. Qe2 Re8 12. Bg3 g6 13. Rfe1 Qd7 14. a4 Bf8 15.
Nc4 Rad8 16. Bh4 Be7 17. Bg3 Bf8 18. Rad1 Nb8 19. a5 b5 {Diagram #The new and
revised version of Anthony Ker (the version that plays Sicilians and Nimzos
rather than Pircs and 1...d6 anti Queens Pawn systems) often heads to these
Hippo type setups.} 20. Nce5 $6 {Enterprising play, White will get material
back, but not necessarily a whole piece} dxe5 21. Bxb5 Bc6 ({
The computer recommends} 21... Bxf3 22. gxf3 Qb7 ({Not} 22... Nc6 $2 23. dxe5
Nd5 24. c4) 23. Bxe8 Rxe8 24. Qxe5 Qxf3 {
and Black has a small material advantage}) 22. Nxe5 Qb7 23. Bxc6 Nxc6 24. Qf3
Nd5 25. c4 Ndb4 {Diagram #Is Black clinging on to his material?} 26. a6 Qc7 27.
Ng4 $1 {No. Presumably White saw that he had this when he played his 20th move.
That is GM level calculation in a nutshell} Bd6 28. Bxd6 Qxd6 29. Nh6+ Kg7 30.
Nxf7 Rf8 31. Nxd6 Rxf3 32. Nb7 Rff8 {Diagram #White now has enough pawns for
the piece, and presumably is about to win the exchange as well} 33. Nc5 $1 {
A nice move, postponing picking up material, but since Nxe6 forks three pieces,
Black can't get everything out of the way in juat one move.} Rfe8 34. Nxe6+
Rxe6 35. Rxe6 Nxd4 36. Re7+ Kf6 37. Rde1 Nd3 38. R1e3 Nxb2 39. Rxa7 Nxc4 40.
Re1 h5 {Diagram #A rook and two pawns for two knights is a classic endgame
material advantage, and the advanced passer on a6 is more than just icing on
the cake} 41. Rb7 Ne5 42. a7 Ra8 43. Ra1 Nec6 44. Ra6 Kf5 45. Rf7+ Ke6 46. Rg7
Kf6 47. Rc7 Kf5 48. h4 Ne2+ 49. Kh2 Ned4 50. f3 {Diagram #This is an
interesting position. Why can't Black just sit here? Obviously White can
liquidate to R+3 v R+2 starting with Rxc6, but presumably he wants much more
than that. Why does the engine evaluate the position as +3.7? I think the
problem for Black is that he can't just sit (Zugwang). Moving the King allows
White to capture twice on c6 with either a check or an attack on the
unprotected g6 pawn. Black has to make concessions and White can break him
down.} Ne5 51. Rc5 Ne6 52. g4+ hxg4 53. fxg4+ Kf6 54. Kg3 Nd7 55. Rcc6 Ndf8 56.
Rcb6 Ke7 57. Rb8 Nc7 58. Rb7 Kd7 59. Rf6 Ke7 60. Rxf8 Rxf8 61. Rxc7+ Ke6 62.
Rc6+ Kf7 63. Ra6 Ra8 64. Kf4 1-0

[Event "New Zealand Open 2018"]
[Site "Palmerston North"]
[Date "2018.01.02"]
[Round "2.6"]
[White "Steadman, Michael V R"]
[Black "Dive, Russell John"]
[Result "0-1"]
[WhiteElo "2166"]
[BlackElo "2309"]
[PlyCount "58"]
[EventDate "2018.??.??"]

1. e4 c6 2. d4 d5 3. e5 Bf5 4. Nf3 e6 5. Be2 h6 6. O-O Nd7 7. c3 Bh7 8. Nbd2
Ne7 9. b4 a5 10. a4 Ng6 11. Qb3 axb4 ({Karjakin (2772) - Eljanov (2702),
Tromso NOR 2013, 1-0 in 56 moves was an impressive elite level squeeze} 11...
Nf4 12. Bd1 axb4 13. cxb4 Be7 14. g3 Nh3+ 15. Kg2 Ng5 16. Nxg5 Bxg5 17. a5 O-O
18. Qc3 Nb8 19. Nb3 Be7 20. Be2 Na6 21. Nc5 Bxc5 22. bxc5 Nc7 23. Bd2 Qd7 24.
Rfe1 Nb5 25. Qb2 f6 26. Bxb5 cxb5 27. Ra3 fxe5 28. Rxe5 Rf6 29. f3 Raf8 30. Bb4
Qc6 31. Qe2 Re8 32. Rae3 Bg6 33. Bd2 Qd7 34. Rb3 Ref8 35. Bb4 Qc6 36. Rbe3 {
Diagram #} Re8 37. h4 Bf5 38. h5 Bh7 39. g4 Kh8 40. Be1 Bg8 41. Rb3 Ref8 42.
Bh4 Rf4 43. Qd2 Bh7 44. Bg3 R4f6 45. Ree3 Qa6 46. Be5 R6f7 47. g5 hxg5 48. h6
Kg8 49. hxg7 Ra8 50. Ra3 b4 51. Qxb4 g4 52. f4 Be4+ 53. Kf2 Rf5 {Diagram #} 54.
Qb6 Qc4 55. Qxe6+ Rf7 56. Rxe4) 12. cxb4 Be7 13. Ba3 O-O 14. Rfe1 f6 15. exf6
Rxf6 16. Bd3 Qc7 17. Rac1 Bd6 {Diagram #} 18. Rc3 {
This turns out to be something of a wasted tempo} (18. b5 $1 {
immediately is well timed}) 18... Re8 {Now ...e5 is definitely coming} 19. b5
Bxa3 20. Qxa3 e5 $1 {Diagram #Black has equalised (at least)} 21. Bxg6 Bxg6 22.
bxc6 bxc6 23. dxe5 Nxe5 24. Rec1 Nxf3+ 25. Nxf3 Be4 26. Nd4 {Diagram #} Bxg2 $1
{A shot} 27. Kxg2 $2 ({White can reduce Black's attacking potential and
maintain the balance by delaying this capture} 27. Rxc6 $1 Qf4 28. Rxf6 Qxf6
29. Kxg2 Qxd4) 27... Qf4 28. Nf3 Qg4+ 29. Kh1 Rg6 {
Resignation seems a bit premature} (29... Rg6 30. Ng5 (30. Rg1 $2 Re1 $1 {
is a classic pattern}) 30... Rxg5 31. Rg3 Qe4+ {
and Black is obviously well on top but still has plenty of work still to do})
0-1

[Event "New Zealand Open 2018"]
[Site "Palmerston North"]
[Date "2018.01.07"]
[Round "7.6"]
[White "Goormachtigh, Johan"]
[Black "Dive, Russell John"]
[Result "0-1"]
[WhiteElo "2159"]
[BlackElo "2309"]
[PlyCount "88"]
[EventDate "2018.??.??"]

1. d4 Nf6 2. c4 e6 3. Nf3 b6 4. g3 Ba6 5. b3 Bb4+ 6. Bd2 Be7 7. Bg2 c6 {
Diagram #A very standard position in the modern Queens Indian} 8. O-O ({
White normally plays} 8. Bc3 {to improve the Bishop that was cruelly displaced
earlier in the game, although of course one of the points of the Bb4+ Bd2 Be7
pattern is that even then the White bishop is inconveniently taking the best
square for the Nb1}) 8... d5 9. Ne5 Nfd7 $1 {This move reveals the innacuracy
of White's most recent moves - White doesn't have a good way of supporting the
Knight so Black has completely equalised and now starts to improve his
position harmoniously while White's pieces get in each others way.} 10. Nxd7
Nxd7 11. cxd5 cxd5 12. Nc3 Rc8 13. Rc1 O-O 14. Re1 Nf6 15. Rc2 b5 16. Nb1 Qb6
17. e3 b4 {Diagram #See previous comment. White now tries to exchange his way
out of trouble} 18. Bf1 Bxf1 19. Rxf1 Qa6 20. Qc1 {Diagram #} h5 $1 {White is c
ramped and uncoordinated, so Black can take time out to grab more space. and
wait for more concessions. I suspect this move wouldn't occur to most amateurs
(it certainly wouldn't occur to me) but interestingly the computer loves it,
along with the similar} (20... g5 $1) 21. f3 {A decent move preparing Be1, Rf2
and sometimes g4 (in response to ...h4) as defensive manoevres, but actually
Black is already winning by force.} Rxc2 22. Qxc2 Rc8 23. Qb2 Qe2 24. Rf2 Qd1+
{This wins material but} (24... Qd3 $1 {(now that Rc1 isn't possible} 25. Be1
Qd1 26. Re2 Rc1 {wins more material}) 25. Rf1 Rc2 26. Rxd1 Rxb2 27. Be1 Rxa2 {
Diagram #Black to go with his extra pawn retains the positional advantages he
has enjoyed all game. White tries hard to wriggle and gain some counterplay,
even at the cost of more material. Probably the most practical approach, but
Black manages to eat heartily *and* retain complete control.} 28. Nd2 Ne8 29.
Rc1 Nd6 30. Rc7 Bg5 31. f4 Bf6 32. Nf3 a5 33. Ra7 Ra3 34. Ne5 Bxe5 35. dxe5 Ne4
{Black has been humilating the dark squared White bishop since move 5, sad to
see it being completely dominated by a super-knight on e4.} 36. Kg2 g5 37. fxg5
Nxg5 38. g4 hxg4 39. Kg3 Nf3 40. Bf2 Nxe5 41. Kh4 Kg7 42. e4 Kg6 43. Bg3 Nf3+
44. Kxg4 dxe4 0-1